Feather - Sabrina Carpenter (All Lyrics) - Statistics

General Stats
  • This quiz has been taken 471 times
  • The average score is 237 of 293
Answer Stats
Answer % Correct
a
99%
I
99%
like
98%
you
98%
You
98%
feather
97%
my
93%
your
93%
Your
93%
so
92%
feel
91%
of
91%
with
90%
With
90%
I'm
89%
lighter
89%
much
89%
the
89%
"No
87%
no
87%
No
87%
off
85%
mind
84%
Oh
84%
for
83%
It
83%
it
83%
an
82%
to
81%
When
81%
every
80%
act
79%
bitch
79%
me?
79%
Me?
79%
are
78%
door
77%
out
77%
slam
77%
stereotype
76%
You're
76%
you're
76%
got
75%
ignore
75%
in
75%
it's
75%
life
75%
that
75%
fit
73%
come
72%
time
72%
dream
71%
on
71%
pic"
71%
waste
71%
(ah)
70%
hit
70%
signals
70%
blocked
69%
More
69%
more"
69%
saying
69%
true
69%
"Send
68%
sorry
68%
Then
68%
And
67%
never
67%
talk
67%
loss
66%
where
65%
Where
65%
mixed
63%
Not
63%
miss
62%
two
62%
advance
61%
After
60%
hours
60%
make
60%
than
60%
this
60%
whatever
60%
try
59%
feels
58%
good
58%
plans
57%
platter
57%
back
56%
cut
56%
finally
56%
want
55%
Excited
54%
through
54%
Floatin'
52%
memories
52%
at
51%
done
51%
duh
51%
pretending
49%
pull
47%
afterthought
46%
tonight
46%
carin'
45%
up
33%
wine
33%
No matching quizzes found
Score Distribution
Percent of People with Each Score
Percentile by Number Answered
Your Score History
You have not taken this quiz